000 00653nam a2200181Ia 4500
008 090630s9999 xx 000 0 und d
082 _b13716
100 _aमंगळवेढेकर राजा.
245 _aइंदीरा गांधी.
_cमंगळवेढेकर राजा.
260 _bमंजुल - पुणे.
_c1994
300 _a31
600 _aमंगळवेढेकर राजा.
630 _aइंदीरा गांधी.
655 _aबालवाङमय.
700 _aमंगळवेढेकर राजा.
730 _aइंदीरा गांधी.
942 _cBOOK
999 _c265572
_d265572